<?xml version="1.0" encoding="UTF-8"?>
<record
    xmlns:xsi="http://www.w3.org/2001/XMLSchema-instance"
    xsi:schemaLocation="http://www.loc.gov/MARC21/slim http://www.loc.gov/standards/marcxml/schema/MARC21slim.xsd"
    xmlns="http://www.loc.gov/MARC21/slim">

  <leader>03521cam a22005534i 4500</leader>
  <controlfield tag="003">PE-LiUPU</controlfield>
  <controlfield tag="005">20250731184540.0</controlfield>
  <controlfield tag="008">190321s2005    ilua    rb    001 0 eng d</controlfield>
  <datafield tag="020" ind1=" " ind2=" ">
    <subfield code="a">0226013820</subfield>
  </datafield>
  <datafield tag="020" ind1=" " ind2=" ">
    <subfield code="a">9780226013824</subfield>
  </datafield>
  <datafield tag="035" ind1=" " ind2=" ">
    <subfield code="a">(Sirsi) i9780226013824</subfield>
  </datafield>
  <datafield tag="035" ind1=" " ind2=" ">
    <subfield code="a">(OCoLC)57549633</subfield>
    <subfield code="z">(OCoLC)56645133</subfield>
    <subfield code="z">(OCoLC)62263949</subfield>
    <subfield code="z">(OCoLC)1004585703</subfield>
    <subfield code="z">(OCoLC)1015511997</subfield>
    <subfield code="z">(OCoLC)1017778534</subfield>
    <subfield code="z">(OCoLC)1026322811</subfield>
    <subfield code="z">(OCoLC)1055054439</subfield>
  </datafield>
  <datafield tag="040" ind1=" " ind2=" ">
    <subfield code="a">PE-LiUPU</subfield>
    <subfield code="b">spa</subfield>
    <subfield code="c">PE-LiUPU</subfield>
    <subfield code="e">rda</subfield>
  </datafield>
  <datafield tag="049" ind1=" " ind2=" ">
    <subfield code="a">PRUA</subfield>
  </datafield>
  <datafield tag="082" ind1="0" ind2="4">
    <subfield code="a">935</subfield>
    <subfield code="b">A41</subfield>
    <subfield code="2">22</subfield>
  </datafield>
  <datafield tag="100" ind1="1" ind2=" ">
    <subfield code="a">Algaze, Guillermo,</subfield>
    <subfield code="d">1954-,</subfield>
    <subfield code="e">autor.</subfield>
  </datafield>
  <datafield tag="245" ind1="1" ind2="4">
    <subfield code="a">The Uruk world system :</subfield>
    <subfield code="b">the dynamics of expansion of early Mesopotamian civilization /</subfield>
    <subfield code="c">Guillermo Algaze.</subfield>
  </datafield>
  <datafield tag="250" ind1=" " ind2=" ">
    <subfield code="a">Second edition.</subfield>
  </datafield>
  <datafield tag="264" ind1=" " ind2="1">
    <subfield code="a">Chicago :</subfield>
    <subfield code="b">University of Chicago Press,</subfield>
    <subfield code="c">2005.</subfield>
  </datafield>
  <datafield tag="300" ind1=" " ind2=" ">
    <subfield code="a">xiv, 190 p&#xE1;ginas :</subfield>
    <subfield code="b">ilustraciones ;</subfield>
    <subfield code="c">28 cent&#xED;metros</subfield>
  </datafield>
  <datafield tag="336" ind1=" " ind2=" ">
    <subfield code="a">text</subfield>
    <subfield code="2">rdacontent</subfield>
  </datafield>
  <datafield tag="337" ind1=" " ind2=" ">
    <subfield code="a">unmediated</subfield>
    <subfield code="2">rdamedia</subfield>
  </datafield>
  <datafield tag="338" ind1=" " ind2=" ">
    <subfield code="a">volume</subfield>
    <subfield code="2">rdacarrier</subfield>
  </datafield>
  <datafield tag="504" ind1=" " ind2=" ">
    <subfield code="a">Bibliograf&#xED;a: p&#xE1;ginas 167-184.</subfield>
  </datafield>
  <datafield tag="504" ind1=" " ind2=" ">
    <subfield code="a">&#xCD;ndice: p&#xE1;ginas 185-190.</subfield>
  </datafield>
  <datafield tag="505" ind1="0" ind2=" ">
    <subfield code="t">A Supraregional Perspective --</subfield>
    <subfield code="t">Resource Procurement Strategies and Their Impact --</subfield>
    <subfield code="t">"Momentum toward Empire" in the Uruk Period --</subfield>
    <subfield code="t">A Conceptual Framework for the Analysis of the Evidence --</subfield>
    <subfield code="t">Uruk Sites in the Susiana Plain of Khuzestan --</subfield>
    <subfield code="t">Geographical Framework --</subfield>
    <subfield code="t">Mesopotamian Colonization --</subfield>
    <subfield code="t">Uruk Settlements in the Syro-Mesopotamian Plains and Surrounding Highlands --</subfield>
    <subfield code="t">Geographical Framework --</subfield>
    <subfield code="t">Uruk Enclaves in Syro-Mesopotamia --</subfield>
    <subfield code="t">The Strategic Rationale of Uruk Settlement in Syro-Mesopotamia --</subfield>
    <subfield code="t">Uruk Outposts in the Periphery --</subfield>
    <subfield code="t">The Chronology of Uruk Settlement in the Periphery --</subfield>
    <subfield code="t">The Function of Uruk Settlements in the Syro-Mesopotamian Plains and Surrounding Highlands --</subfield>
    <subfield code="t">Gateway Communities --</subfield>
    <subfield code="t">Uruk Materials in the Surrounding Piedmont and Highlands --</subfield>
    <subfield code="t">Uruk Materials in the Syro-Mesopotamian Plains --</subfield>
    <subfield code="t">The Commodities Exchanged --</subfield>
    <subfield code="t">The Late Chalcolithic Period in Syro-Mesopotamia --</subfield>
    <subfield code="t">Late Chalcolithic Culture and Social Integration --</subfield>
    <subfield code="t">Relations between Uruk Enclaves and Indigenous Communities --</subfield>
    <subfield code="t">Social Change in the Northern Periphery and the Collapse of the Uruk Expansion --</subfield>
    <subfield code="t">The Impact on Indigenous Societies --</subfield>
    <subfield code="t">The Collapse of the Uruk Enclave Network --</subfield>
    <subfield code="t">Early Bronze Age Sociopolitical Development in the Periphery --</subfield>
    <subfield code="t">The View from the Periphery: Informal Empire in the Uruk Period --</subfield>
    <subfield code="t">The View from the Core: A World System of the Uruk Period --</subfield>
    <subfield code="t">The Context of Expansion --</subfield>
    <subfield code="t">Outstanding Problems and Suggestions for Further Research --</subfield>
    <subfield code="t">Theoretical Reprise and Cross-cultural Parallels --</subfield>
    <subfield code="t">The Uruk Expansion: New Interpretations and New Data.</subfield>
  </datafield>
  <datafield tag="526" ind1=" " ind2=" ">
    <subfield code="a">P136</subfield>
  </datafield>
  <datafield tag="526" ind1=" " ind2=" ">
    <subfield code="a">P135</subfield>
  </datafield>
  <datafield tag="526" ind1=" " ind2=" ">
    <subfield code="a">P134</subfield>
  </datafield>
  <datafield tag="526" ind1=" " ind2=" ">
    <subfield code="a">P133</subfield>
  </datafield>
  <datafield tag="526" ind1=" " ind2=" ">
    <subfield code="a">P144</subfield>
  </datafield>
  <datafield tag="526" ind1=" " ind2=" ">
    <subfield code="a">P143</subfield>
  </datafield>
  <datafield tag="526" ind1=" " ind2=" ">
    <subfield code="a">P87</subfield>
  </datafield>
  <datafield tag="526" ind1=" " ind2=" ">
    <subfield code="a">P35</subfield>
  </datafield>
  <datafield tag="526" ind1=" " ind2=" ">
    <subfield code="a">P20</subfield>
  </datafield>
  <datafield tag="526" ind1=" " ind2=" ">
    <subfield code="a">P14</subfield>
  </datafield>
  <datafield tag="526" ind1=" " ind2=" ">
    <subfield code="a">P10</subfield>
  </datafield>
  <datafield tag="526" ind1=" " ind2=" ">
    <subfield code="a">P06</subfield>
  </datafield>
  <datafield tag="650" ind1="0" ind2="4">
    <subfield code="a">Civilizaci&#xF3;n.</subfield>
  </datafield>
  <datafield tag="650" ind1="0" ind2="4">
    <subfield code="a">Expansi&#xF3;n.</subfield>
  </datafield>
  <datafield tag="650" ind1="0" ind2="4">
    <subfield code="a">Geschichte.</subfield>
  </datafield>
  <datafield tag="910" ind1=" " ind2=" ">
    <subfield code="a">dbm</subfield>
    <subfield code="b">jpc</subfield>
    <subfield code="c">jpc</subfield>
    <subfield code="d">20190321</subfield>
  </datafield>
  <datafield tag="942" ind1=" " ind2=" ">
    <subfield code="2">ddc</subfield>
    <subfield code="c">BOOK</subfield>
  </datafield>
  <datafield tag="949" ind1=" " ind2=" ">
    <subfield code="a">935 A41</subfield>
    <subfield code="w">DEWEY</subfield>
    <subfield code="c">1</subfield>
    <subfield code="i">79927</subfield>
    <subfield code="l">CATALOGING</subfield>
    <subfield code="m">BUL</subfield>
    <subfield code="p">41.40</subfield>
    <subfield code="r">0</subfield>
    <subfield code="s">Y</subfield>
    <subfield code="t">BOOK</subfield>
    <subfield code="u">2019-03-21</subfield>
    <subfield code="x">TEOLOGIA</subfield>
    <subfield code="z">P35</subfield>
    <subfield code="0">COMPRA</subfield>
    <subfield code="o">.STAFF. Colecci&#xF3;n Teolog&#xED;a</subfield>
  </datafield>
  <datafield tag="994" ind1=" " ind2=" ">
    <subfield code="a">C0</subfield>
    <subfield code="b">PEPRU</subfield>
  </datafield>
  <datafield tag="596" ind1=" " ind2=" ">
    <subfield code="a">1</subfield>
  </datafield>
  <datafield tag="999" ind1=" " ind2=" ">
    <subfield code="a">935 A41</subfield>
    <subfield code="w">DEWEY</subfield>
    <subfield code="c">31275</subfield>
    <subfield code="i">79927</subfield>
    <subfield code="f">2021-11-11</subfield>
    <subfield code="g">3</subfield>
    <subfield code="l">CCODEBUL1</subfield>
    <subfield code="m">BUL</subfield>
    <subfield code="p">41.40</subfield>
    <subfield code="r">0</subfield>
    <subfield code="s">Y</subfield>
    <subfield code="t">BOOK</subfield>
    <subfield code="u">2019-3-21</subfield>
    <subfield code="x">TEOLOGIA</subfield>
    <subfield code="P">P35</subfield>
    <subfield code="0">COMPRA</subfield>
    <subfield code="o">.STAFF. Colecci&#xF3;n Teolog&#xED;a</subfield>
    <subfield code="d">31275</subfield>
  </datafield>
  <datafield tag="980" ind1=" " ind2=" ">
    <subfield code="8">1</subfield>
    <subfield code="g">ALBERTO SANCHEZ Responsable de Automatizaci&#xF3;n</subfield>
  </datafield>
  <datafield tag="952" ind1=" " ind2=" ">
    <subfield code="r">2025-12-03 00:00:00</subfield>
    <subfield code="i">4</subfield>
    <subfield code="l">0</subfield>
    <subfield code="o">935 A41</subfield>
    <subfield code="p">79927</subfield>
    <subfield code="t">e1</subfield>
    <subfield code="v">46.40</subfield>
    <subfield code="w">2019-03-21</subfield>
    <subfield code="x">FT</subfield>
    <subfield code="y">BK</subfield>
    <subfield code="z">inventario-2023-12-13</subfield>
    <subfield code="1">0</subfield>
    <subfield code="2">ddc</subfield>
    <subfield code="5">0</subfield>
    <subfield code="7">0</subfield>
    <subfield code="8">GEN</subfield>
    <subfield code="f">P35</subfield>
    <subfield code="a">BUL</subfield>
    <subfield code="b">BUL</subfield>
    <subfield code="c">GEN</subfield>
    <subfield code="d">2019-03-21</subfield>
    <subfield code="e">COMPRA</subfield>
    <subfield code="g">41.40</subfield>
  </datafield>
</record>
